00705cam a2200229Li 450000500170000000800410001702000160005802000180007404000500009204100080014210000240015024500410017425000100021526000600022530000330028549000180031850400410033665000400037765000220041765000220043965000140046120140903175048.0140423s2010 fr a frb 000 0 fre d a2130583024  a9782130583028 aCO-BoUCMbspacJose A. GerenadJose A. Gerena afre1 aIngallina, Patrizia13aLe projet urbaincPatrizia Ingallina a4e ed aParis (Francia)bPresses universitaires de Francec2010 a127 páginasbilustraciones1 aQue sais-je ? aIncluye referencias bibliográficas 7aCiudades y pueblosxPlanificación 7aDesarrollo urbano 7aPolítica urbana 7aUrbanismo